Projectes d'inversió
Publicado:
Barcelona :
Diputació de Barcelona. Àrea d'Hisenda i Recursos Interns. Intervenció General. Servei d'Assistència a la Gestió Econòmica Local ,
2010
Descripción Física:
75 p. : il. b/n, quadres, taules ; 29 cm
Materias:
Inversió -- Obres de divulgació
MARC
| LEADER | 00000nam a2200000Ia 4500 | ||
|---|---|---|---|
| 001 | 23878 | ||
| 008 | 160829s2010 xx 000 0 cat d | ||
| 080 | |a Bib-98 | ||
| 245 | |a Projectes d'inversió | ||
| 260 | |a Barcelona : |b Diputació de Barcelona. Àrea d'Hisenda i Recursos Interns. Intervenció General. Servei d'Assistència a la Gestió Econòmica Local, |c 2010 | ||
| 300 | |a 75 p. : |b il. b/n, quadres, taules ; |c 29 cm | ||
| 650 | |a Inversió |x Obres de divulgació |9 50332 | ||
| 710 | 1 | |a Barcelona (Catalunya : Província). |b Servei d’Assistència a la Gestió Econòmica Local |9 53081 | |
| 901 | |a Arxiu | ||
| 942 | |n 1 | ||
| 952 | |0 0 |1 0 |4 0 |6 BIB98 |7 1 |9 55970 |a Arxiu |b Arxiu |d 2016-12-01 |l 0 |o Bib-98 |p 23878 |r 2016-12-01 00:00:00 |w 2016-12-01 |y ARXIU | ||
| 999 | |c 59843 |d 59843 | ||